Statistics for NBA Players That Forced Rule Changes

Click here to take the quiz!

General Stats

  • This quiz has been taken 73 times
  • The average score is 6 of 18

Answer Stats

HintAnswer% Correct
Offensive goaltending
No dunks on free throw attempts
Paint widened from 12 to 16 feet
Ball cannot be inbounded over the backboard
Wilt Chamberlain
91%
Zone defense
Stronger backboard support
Shaquille O'Neal
81%
No clear-out isolation offenseMichael Jordan
80%
No palming
Dress code
Allen Iverson
61%
Technical fouls lead to suspensionsRasheed Wallace
50%
Teams are permitted to exceed the salary cap to re-sign one of their own playersLarry Bird
43%
3-second rule
Defensive goaltending
Paint widened from 6 to12 feet
George Mikan
36%
No kicking legs out to draw shooting foulsReggie Miller
27%
5-second ruleCharles Barkley
23%
No rip-throughKevin Durant
19%
No jumping into defenders to draw foulsTrae Young
17%
No jumping into defenders after pump fakes to draw shooting foulsDwyane Wade
13%
No upside-down headbandsRajon Rondo
13%
No goaltending shots on dead playsKevin Garnett
11%
No hand-checkingDerek Harper
6%
Late-game goaltending reviews allowedLaMarcus Aldridge
1%
No tolerance drug policyLen Bias
0%
No regular shots taken on the court if the ball is put into play with
less than three-tenths of a second left on the game or shot clock
Trent Tucker
0%

Score Distribution

Percentile by Number Answered

Percent of People with Each Score

Your Score History

You have not taken this quiz